000 00432nam a2200193Ia 4500
003 OSt
005 20251110114918.0
008 250729s2003 xx 000 0 und d
020 _a9781845570002
040 _cAL
041 _aeng
082 _a500 JOSA
100 _aJoseph Mary
_9224089
245 _aAlexander graham bell
260 _aNew Delhi
_c2003
300 _a48p
650 _aScience
_9224090
942 _2ddc
_cBED
999 _c236238
_d236238